Automatizácia kontinuálnych odstrediviek

Gespeichert in:
Bibliographische Detailangaben
1. Verfasser: Šalát, Jozef (Verfasst von)
Weitere Verfasser: Ružarovský, Roman (Betreuung Doktorarbeit)
Format: Manuskript Buch
Sprache:Slowakisch
Veröffentlicht: 2019
Schlagworte:
Online-Zugang:http://is.stuba.sk/zp/portal_zp.pl?podrobnosti=134268
Tags: Tag hinzufügen
Keine Tags, Fügen Sie das erste Tag hinzu!

MARC

LEADER 00000ntm a22000003a 4500
001 stuzp73378
003 SK-STU
005 20190622211245.5
007 ta
008 150427s2015----xo-----f-mn---000-0-slo-d
040 |a STU  |b slo 
041 0 |a slo 
100 1 |a Šalát, Jozef  |u 063000  |4 aut  |U MTF Materiálovotechnologická fakulta  |T MTF Ústav výrobných technológií  |X 85406  |U M3000  |Y 83  |7 85406 
242 0 1 |a Automation of continuous centrifuges  |y eng 
245 1 0 |a Automatizácia kontinuálnych odstrediviek 
260 |c 2019 
650 4 |a výroba cukru  |2 slo 
650 4 |a kontinuálne odstredivky  |2 slo 
650 4 |a automatizácia  |2 slo 
650 4 |a návrh zariadení  |2 slo 
650 4 |a sugar production  |2 eng 
650 4 |a continuous centrifuges  |2 eng 
650 4 |a automation  |2 eng 
650 4 |a design of devices  |2 eng 
700 1 |a Ružarovský, Roman  |u 063800  |k Z2  |4 ths  |U MTF Ústav výrobných technológií  |T MTF Katedra výrobných zariadení a systémov  |X 30883  |U M3800  |Y 660  |7 A000030883 
856 4 |u http://is.stuba.sk/zp/portal_zp.pl?podrobnosti=134268 
996 |c M* BP-8617  |l MMSKP  |s P  |a 0  |w stuzp73378_0001